000 00692nam a2200217Ia 4500
003 GCL
008 140319s9999 xx 000 0 ara d
040 _aGCL /
_cGCL
082 0 4 _a917
_bع ج
100 1 _aعلى عبدالوهاب شاهين
245 1 0 _aجغرافية العالم الجديد /
_cعلى عبدالوهاب شاهين
260 _a[S.N] :
_bدار النهضة العربية ،
_c1994
490 _a
650 0 4 _aالجغرافيا الطبيعية
650 0 4 _aالاحوال الاقتصادية
650 0 4 _aالسكان
650 0 4 _aالمناخ
650 0 4 _aامريكا الشمالية
650 0 4 _aامريكا الوسطى
942 _2ddc
_cBK
999 _c37183
_d37183